00745nam a2200169Ia 4500008004100000020001800041041000800059082001500067100003800082245021600120250000600336260003900342300001100381650003500392999001900427952012900446210716s2017 xx 000 0 und d a9781788291118 aeng a519.5 SALJ aSalcedo, Jesus; McCormick, Keith. aIBM SPSS modeler essentials: effective techniques for building powerful data mining and predictive analytics solutions.bEffective techniques for building powerful data mining and predictive analytics solutions. a1 aMumbaibPackt Publishing Ltdc2017 aiv,222 aStatistical Mathematics(519.5) c196586d196586 001040708MCAaAIMITbAIMITeKnowledge Worldg899.00l0o519.5 SALJpMCA16101r2025-07-21 00:00:00v674.25w2021-07-16yBK